Guess The Song From Emojis - Statistics

General Stats
  • This quiz has been taken 67 times
  • The average score is 8 of 20
Answer Stats
Hint Answer % Correct
πŸŽΉπŸ‘¨ Piano Man
94%
πŸ˜ƒ Happy
79%
πŸ’ƒπŸ’ Dance Monkey
63%
β¬œπŸŽ„ White Christmas
63%
πŸ₯›πŸ€πŸ» Milkshake
55%
πŸ€΄πŸ«…πŸ‘Έ Royals (or Kings and Queens)
55%
☒️ Radioactive
50%
πŸ‘¨β€πŸ¦―πŸ’‘ Blinding Lights
48%
β€οΈπŸ”›πŸ” Love on Top
48%
πŸ‘οΈβ™ΎοΈβ€οΈπŸ«΅ I Will Always Love You
45%
β¬†οΈπŸ›οΈπŸŽ· Uptown Funk
37%
πŸ—οΈβš½ Wrecking Ball
27%
πŸ§“πŸ›οΈπŸ›£οΈ Old Town Road
26%
πŸŒŠπŸ‘οΈπŸ‘οΈ Ocean Eyes
23%
πŸ“Ά2️⃣⛅ Stairway to Heaven
23%
πŸ€™πŸ€· Call Me Maybe
16%
πŸ‘«πŸ”β€οΈ We Found Love
10%
πŸ‘ƒπŸ§’πŸ‘» Smells Like Teen Spirit
8%
πŸ’‘πŸ’‘πŸ’‘πŸ’‘ All of the Lights
6%
πŸ¦ΉπŸ‘¨ Bad Guy
3%
No matching quizzes found
Score Distribution
Percent of People with Each Score
Percentile by Number Answered
Your Score History
You have not taken this quiz